Criminal beware: A social norms perspective on posting public warning signs

Saved in:  
Bibliographic Details
Authors: Schultz, P. Wesley 1968- (Author) ; Tabanico, Jennifer J. (Author)
Format: Print Article
Language:English
Published: 2009
In: Criminology
Year: 2009, Volume: 47, Issue: 4, Pages: 1201-1222
Check availability: HBZ Gateway
Keywords:

MARC

LEADER 00000caa a2200000 c 4500
001 1626371059
003 DE-627
005 20250321224722.0
007 tu
008 100113s2009 xx ||||| 00| ||eng c
035 |a (DE-627)1626371059 
035 |a (DE-576)315062940 
035 |a (DE-599)BSZ315062940 
040 |a DE-627  |b ger  |c DE-627  |e rakwb 
041 |a eng 
100 1 |8 1\p  |a Schultz, P. Wesley  |d 1968-  |0 (DE-588)1053255233  |0 (DE-627)789716852  |0 (DE-576)408999950  |4 aut 
109 |a Schultz, P. Wesley 1968-  |a Schultz, Wesley P. 1968-  |a Wesley Schultz, P. 1968- 
245 1 0 |a Criminal beware: A social norms perspective on posting public warning signs  |c P. Wesley Schultz; Jennifer J. Tabanico 
264 1 |c 2009 
336 |a Text  |b txt  |2 rdacontent 
337 |a ohne Hilfsmittel zu benutzen  |b n  |2 rdamedia 
338 |a Band  |b nc  |2 rdacarrier 
700 1 |a Tabanico, Jennifer J.  |4 aut 
773 0 8 |i In  |t Criminology  |d Hoboken, NJ : Wiley, 1970  |g 47(2009), 4, Seite 1201-1222  |w (DE-627)129888508  |w (DE-600)301688-2  |w (DE-576)015191346  |x 0011-1384  |7 nnas 
773 1 8 |g volume:47  |g year:2009  |g number:4  |g pages:1201-1222 
883 |8 1\p  |a cgwrk  |d 20250301  |q DE-101  |u https://d-nb.info/provenance/plan#cgwrk 
951 |a AR 
ELC |b 1 
LOK |0 000 xxxxxcx a22 zn 4500 
LOK |0 001 3265936090 
LOK |0 003 DE-627 
LOK |0 004 1626371059 
LOK |0 005 20250623123215 
LOK |0 008 100113||||||||||||||||ger||||||| 
LOK |0 040   |a DE-21-110  |c DE-627  |d DE-21-110 
LOK |0 689   |a s  |a Kriminalprävention 
LOK |0 689   |a s  |a Bürgerwehr 
LOK |0 689   |a s  |a Soziale Normen 
LOK |0 689   |a s  |a Kriminalitätsfurcht 
LOK |0 689   |a s  |a Kriminalitätseinschätzung 
LOK |0 852   |a DE-21-110 
LOK |0 852 1  |m p  |9 00 
LOK |0 935   |a tre1 
LOK |0 938   |k p 
LOK |0 939   |a 13-01-10  |b l01 
ORI |a SA-MARC-krimdoka001.raw